000 00913nam a22002897a 4500
003 CHAP
005 20220329135010.0
008 971013s1979 r 00010 d
010 _a29286
011 _a30258
035 _a34370
040 _cCHAP
090 _aTesis
100 0 0 _aContreras Cacique, Fernando.
_927468
245 _aProyecto para la instalación de una planta enlatadora de "Palmito"
260 _aMéxico, D.F. :
_bEl autor,
_c1979
300 _a152 h.
502 _aTesis (Ing. Químico Industrial) -- IPN. Esc. Superior de Ingeniería Química e Industrias Extractivas
590 _aALEPH
_b10
_c20130110
_lUCH01
_h1251
590 _aBATCH-UPD
_b10
_c20130110
_lUCH01
_h1258
590 _aCONVERSION
_b10
_c20130109
_lUCH01
_h1317
650 1 4 _aProyectos industriales.
_992531
650 1 4 _aYucca.
_9123333
901 _aBK
942 _cTESIS
949 _bBC
_cTES
_d-79600
_eTS1
_i34370
_si
999 _c29286
_d29286